• 首页
  • 本馆介绍
  • 公告通知
  • 最新文献
  • 馆藏检索
  • 电子资源
  • 读者导购
  • 参考咨询
  • 我的图书馆
  • 登录
  • 详细信息显示
  • 放入我的书架
  • 预约/预借图书
  • 作者相关作品
  • 分类相关作品
  • 丛书相关作品
  • 出版社相关作品

书目信息

  • 表格格式
  • 工作单格式
  • 卡片格式
题名:
传球的技巧
    
 
作者: 门阑 编著
分册:  
出版信息: 北京   北京体育大学出版社  2003
页数: 186页
开本: 20cm
丛书名: 篮球小明星丛书
单 册:
中图分类: G841.19
科图分类:
主题词: 篮球运动--基本技巧
电子资源:
ISBN: 7-81051-949-2
000 00615nam2 2200217 45
001 0502280858
005 20050228081712.6
010    @a7-81051-949-2@dCNY16.00
100    @a20050228d2003 km y0chiy0120 ea
101 0  @achi
105    @aa z 000yy
200 1  @a传球的技巧@AChuan Qiu De Ji Qiao@f门阑编著@FMen Lan Bian Zhu
210    @a北京@c北京体育大学出版社@d2003
215    @a186页@c图@d20cm
225    @a篮球小明星丛书
410    @12001 @a篮球小明星丛书
606 0  @a篮球运动@x基本技巧
690    @aG841.19@v4
701  0 @a门阑@4编著
801    @aCN@bTSTCL@c20050228
905    @b343219-223@dG841.19@e166@f5
    
    传球的技巧/门阑编著.-北京:北京体育大学出版社,2003
    186页:图;20cm.-(篮球小明星丛书)
    
    
    ISBN 7-81051-949-2:CNY16.00
    
●
相关链接 在E读中查询图书 在五车中查询图书 在当当中查询图书 在豆瓣中查询图书


正题名:传球的技巧     索取号:G841.19/166         预约/预借

序号 登录号 条形码 馆藏地/架位号 状态 备注
1 0343219   203432197   第一样本阅览室/ [索取号:G841.19/166] 在馆    
2 0343220   203432204   第四借阅区/ [索取号:G841.19/166] 在馆    
3 0343221   203432213   密集书库/ [索取号:G841.19/166] 在馆    
4 0343222   203432222   密集书库/ [索取号:G841.19/166] 在馆    
5 0343223   203432231   第四借阅区/ [索取号:G841.19/166] 在馆    
唐山师范学院图书馆 欢迎您!
大连网信软件有限公司© 版权所有